Fਹੀਦ ਉਧਮ ਸਿੰਘ (Record no. 298576)

MARC details
000 -LEADER
fixed length control field 00830nam a2200241Ia 4500
003 - CONTROL NUMBER IDENTIFIER
control field OSt
005 - DATE AND TIME OF LATEST TRANSACTION
control field 20220923211332.0
008 - FIXED-LENGTH DATA ELEMENTS--GENERAL INFORMATION
fixed length control field 220922b |||||||| |||| 00| 0 pan d
020 ## - INTERNATIONAL STANDARD BOOK NUMBER
International Standard Book Number 9788182991637 (hbk)
037 ## - SOURCE OF ACQUISITION
Terms of availability Textual
040 ## - CATALOGING SOURCE
Original cataloging agency ARTS
Transcribing agency ARTS
Language of cataloging pan
041 ## - LANGUAGE CODE
Source of code pan
Language code of text/sound track or separate title pan
100 ## - MAIN ENTRY--PERSONAL NAME
Personal name ਸਿੰਗਲ, ਧਰਮਪਾਲ, ਥਦ.
9 (RLIN) 156349
245 #0 - TITLE STATEMENT
Title Fਹੀਦ ਉਧਮ ਸਿੰਘ
Remainder of title ਕਾਵਿ Fਰਧਾਜਲੀ
260 ## - PUBLICATION, DISTRIBUTION, ETC.
Place of publication, distribution, etc. ਦਿੱਲੀ
Name of publisher, distributor, etc. ਆਰਸੀ
Date of publication, distribution, etc. 2008
300 ## - PHYSICAL DESCRIPTION
Extent 368ਪੰ
Dimensions cm.
942 ## - ADDED ENTRY ELEMENTS (KOHA)
Classification part V2y7M99, 153P8
Koha item type Textual
Source of classification or shelving scheme Colon Classification (CC)
Holdings
Withdrawn status Lost status Damaged status Not for loan Home library Current library Date acquired Source of acquisition Cost, normal purchase price Total Checkouts Full call number Barcode Date last seen Cost, replacement price Price effective from Koha item type
        Arts Library Arts Library 2022-09-23 7501/I, 19/11/2009, Arsee Publishers 395.00   V2y7M99 153P8 AL1483310 2022-09-23 395.00 2022-09-23 Textual
Copyright @ Delhi University Library System